[Event "AUTO-ADV-4893"]
[Site "http://www.queenalice.com/game.php?id=1863215"]
[Date "2025.9.20"]
[Round "1"]
[White "oniwa"]
[Black "wj64"]
[Result "1-0"]
[WhiteElo "1813"]
[BlackElo "1713"]

1. e4 e5 2. Nf3 Nc6 3. d4 Bd6 4. d5 Nce7 5. Nc3 Ng6 6. Bb5 Bb4 7. Bd2 a6 8. Ba4
b5 9. Bb3 d6 10. O-O Bd7 11. a3 Bxc3 12. Bxc3 Bg4 13. h3 Bd7 14. Bd2 f6 15. Nh2
h5 16. f4 h4 17. f5 Nf8 18. Qg4 Qe7 19. Nf3 O-O-O 20. Nxh4 Nh6 21. Qe2 Kb7 22.
c4 Rb8 23. a4 Kc8 24. axb5 axb5 25. cxb5 Bxb5 26. Bc4 Bxc4 27. Qxc4 g5 28. fxg6
Nd7 29. Bxh6 Nb6 30. Qa6+ Kd8 31. Nf5 Qd7 32. Bg7 Rg8 33. Bxf6+ Ke8 34. g7 Ra8
35. Qe2 Ra4 36. Qh5+ Qf7 37. Qxf7+ Kxf7 38. Nh6+ Kg6 39. Nxg8 Rxe4 40. Ne7+ Kf7
41. g8=Q# 1-0

[Event "AUTO-ADV-4893"]
[Site "http://www.queenalice.com/game.php?id=1863216"]
[Date "2025.9.20"]
[Round "1"]
[White "wj64"]
[Black "oniwa"]
[Result "1-0"]
[WhiteElo "1733"]
[BlackElo "1919"]

1. e4 e5 2. Nf3 Nc6 3. Bc4 Bc5 4. c3 Nf6 5. d3 O-O 6. Bg5 h6 7. Bh4 d6 8. Bd5
Bd7 9. b4 Be6 10. bxc5 Nxd5 11. Bxd8 Raxd8 12. exd5 Bxd5 13. cxd6 Rxd6 14. Nbd2
Bxf3 15. Qxf3 Rfd8 16. O-O Rxd3 17. Qd1 Rxd2 18. Qb3 b6 19. g3 R2d3 20. Qb5 Rxc3
21. Rac1 Ra3 22. Qxc6 1-0

[Event "AUTO-ADV-4893"]
[Site "http://www.queenalice.com/game.php?id=1863231"]
[Date "2025.9.20"]
[Round "1"]
[White "SGF"]
[Black "wj64"]
[Result "1-0"]
[WhiteElo "1741"]
[BlackElo "1756"]

1. e4 e5 2. Qf3 Nf6 3. d3 Nc6 4. c3 d6 5. Qg3 Nh5 6. Qf3 Nf6 7. Qg3 Be6 8. Be2
h5 9. Bg5 Qe7 10. a3 Bb3 11. Nd2 Na5 12. h4 Bc2 13. b4 Nc6 14. Bxf6 Qxf6 15. Rc1
Ba4 16. Qg5 Qxg5 17. hxg5 g6 18. g4 Ne7 19. Nc4 b5 20. Na5 Rb8 21. Bf3 h4 22. c4
a6 23. cxb5 Bxb5 24. Ke2 Nc8 25. Rxc7 Be7 26. Nh3 Nb6 27. Rhc1 Bd8 28. R7c2 O-O
29. Nc6 Rc8 30. Nxd8 Rcxd8 31. Ke3 Ba4 32. Rc3 Rd7 33. Rc7 Ra8 34. Rxd7 Nxd7 35.
d4 exd4+ 36. Kxd4 Ne5 37. Ke3 1-0

[Event "AUTO-ADV-4893"]
[Site "http://www.queenalice.com/game.php?id=1863232"]
[Date "2025.9.20"]
[Round "1"]
[White "wj64"]
[Black "SGF"]
[Result "0-1"]
[WhiteElo "1736"]
[BlackElo "1758"]

1. e4 e5 2. Nc3 c6 3. Bc4 Qf6 4. Nf3 Bc5 5. d3 b5 6. Bb3 a5 7. Qe2 a4 8. Bg5 Qg6
9. Bd5 cxd5 10. Nxd5 Bd6 11. Nb6 Ra6 12. Nd5 f6 13. Be3 Ne7 14. Nb6 Qxg2 15. Rg1
Qh3 16. O-O-O a3 17. Rg3 Qe6 18. b3 g5 19. Rdg1 h5 20. h3 h4 21. Rg4 Nbc6 22.
Nxc8 Nxc8 23. d4 Nb4 24. Qxb5 Rb6 25. Qe2 Nxa2+ 26. Kd2 Bb4+ 27. Kd3 Rc6 28. d5
Rc3+ 29. Kd2 Qf7 30. Kd1 O-O 31. Rxh4 Rc5 32. Bxc5 Nc3+ 33. Kd2 Nxe2+ 34. Kxe2
Bxc5 35. Rhg4 d6 36. h4 a2 37. hxg5 f5 38. g6 Qa7 0-1

[Event "AUTO-ADV-4893"]
[Site "http://www.queenalice.com/game.php?id=1863244"]
[Date "2025.9.20"]
[Round "1"]
[White "chessman"]
[Black "wj64"]
[Result "1-0"]
[WhiteElo "2071"]
[BlackElo "1739"]

1. e4 e5 2. Nf3 Nc6 3. d4 d6 4. dxe5 dxe5 5. Bb5 Bd6 6. O-O Bd7 7. Re1 Qe7 8. c3
Bc5 9. Qe2 Nf6 10. Bg5 h6 11. Bh4 g5 12. Bg3 Qe6 13. Nbd2 O-O 14. Bxc6 Bxc6 15.
Bxe5 Ng4 16. Bd4 Bxd4 17. cxd4 Bd7 18. h3 Nf6 19. Qc4 Qb6 20. e5 Be6 21. Qc2
Rfd8 22. exf6 Rd5 23. Nb3 Bf5 24. Qd2 Qxf6 25. Ne5 Re8 26. Nf3 Be6 27. Rac1 c6
28. Nc5 Kg7 29. Nxb7 Bd7 30. Nc5 Rxe1+ 31. Rxe1 g4 32. Nxd7 1-0

[Event "Challenge"]
[Site "http://www.queenalice.com/game.php?id=1864657"]
[Date "2025.10.24"]
[Round "-"]
[White "chyco"]
[Black "wj64"]
[Result "1-0"]
[WhiteElo "1556"]
[BlackElo "1736"]

1. e4 e5 2. c3 Bc5 3. b4 Bb6 4. Qe2 Qf6 5. Nf3 h6 6. h3 g5 7. g4 Ne7 8. Bb2 a6
9. Na3 d6 10. c4 Nbc6 11. Nc2 Be6 12. O-O-O Ng6 13. a4 Nh4 14. Nxh4 gxh4 15. Bg2
Rg8 16. f3 Qf4 17. a5 Bd4 18. Bxd4 exd4 19. Qd3 d5 20. exd5 Ne5 21. Qxd4 Nxf3
22. Qxf4 Ng5 23. dxe6 fxe6 24. Qxc7 Rd8 25. Rhe1 Rd7 26. Qe5 Re7 27. Re3 Kf7 28.
Rf1+ Ke8 29. Qb8+ Kd7 30. Qxg8 1-0